[Event "Tata Steel India Blitz"]
[Site "Kolkata IND"]
[Date "2026.01.10"]
[Round "1.1"]
[White "Erigaisi, Arjun"]
[Black "Murzin, Volodar"]
[Result "1-0"]
[WhiteTitle "GM"]
[BlackTitle "GM"]
[WhiteElo "2775"]
[BlackElo "2652"]
[WhiteFideId "35009192"]
[BlackFideId "44155573"]
[EventDate "2026.01.10"]

1. d4 d5 2. c4 e6 3. Nc3 h6 4. Nf3 Nf6 5. e3 Be7 6. b3 O-O 7. Bd3 b6 8. O-O Bb7
9. Bb2 Nbd7 10. cxd5 exd5 11. Rc1 a6 12. Qc2 Bd6 13. Ne2 Ne4 14. Ne5 Re8 15. f3
Nef6 16. f4 Ne4 17. Ng3 Ndf6 18. Nf5 Bc8 19. Nxd6 cxd6 20. Nf3 Bd7 21. Qe2 Bb5
22. Bxb5 axb5 23. a3 Qd7 24. Rc2 Ng4 25. Re1 Rac8 26. Rxc8 Rxc8 27. h3 Ng3 28.
Qd3 Nf6 29. Rc1 Re8 30. Bc3 Nf5 31. Bd2 Ne4 32. Bb4 Nf6 33. Re1 Ne4 34. Kh2 h5
35. Re2 Neg3 36. Re1 Ne4 37. Bd2 Ra8 38. Bc1 Rc8 39. Bd2 Ra8 40. Bb4 Rc8 41. Bd2
Ra8 42. Bb4 Qc6 43. Nd2 Nfg3 44. Nxe4 Nxe4 45. Qe2 g6 46. f5 Rc8 47. Rf1 Qd7 48.
Qf3 h4 49. Qg4 g5 50. Qh5 f6 51. Re1 Qxf5 52. Qe2 Ng3 53. Qxb5 Rc2 54. Qe8+ Kg7
55. Qe7+ Kg6 56. Qe8+ Kg7 57. Bxd6 Qe4 58. Bf8+ Kg8 59. Be7+ Kg7 60. Qf8+ Kg6
61. Qxf6+ Kh5 62. Qxg5# 1-0

[Event "Tata Steel India Blitz"]
[Site "Kolkata IND"]
[Date "2026.01.10"]
[Round "1.2"]
[White "Anand, Viswanathan"]
[Black "Wei, Yi"]
[Result "1/2-1/2"]
[WhiteTitle "GM"]
[BlackTitle "GM"]
[WhiteElo "2743"]
[BlackElo "2754"]
[WhiteFideId "5000017"]
[BlackFideId "8603405"]
[EventDate "2026.01.10"]

1. e4 c5 2. Nf3 d6 3. Bb5+ Nd7 4. O-O a6 5. Bxd7+ Bxd7 6. c3 e6 7. d4 Rc8 8. Bf4
Qb6 9. Nbd2 cxd4 10. cxd4 Nf6 11. b3 d5 12. e5 Ng8 13. Rc1 Ba3 14. Rxc8+ Bxc8
15. Nb1 Bb4 16. Qc2 Bd7 17. Rc1 Be7 18. Nc3 Bd8 19. Ne2 Ne7 20. h4 O-O 21. Ng5
Nf5 22. Nf3 Nxh4 23. Nxh4 Bxh4 24. Qd2 f5 25. Bg5 Bxg5 26. Qxg5 h6 27. Qe7 Rf7
28. Qd6 Qxd6 29. exd6 g5 30. Rc7 Bc6 31. Nc1 Rxc7 32. dxc7 Bd7 33. Nd3 Kf8 34.
Ne5 Ke7 35. f4 Kd6 36. fxg5 hxg5 37. Nf7+ Kxc7 38. Nxg5 Kd6 39. Kf2 Bb5 40. Nf7+
Ke7 41. Ne5 a5 42. g3 Kf6 43. Ke3 Be8 44. a3 Ke7 45. Kd2 Kd6 46. Kc3 Bh5 47. b4
b6 48. bxa5 bxa5 49. Kb3 Bd1+ 50. Kc3 Be2 51. Kb3 Bb5 52. Kc3 Ke7 53. Kb3 Kf6
54. Kc3 Kg5 55. Kb3 f4 56. gxf4+ Kxf4 57. Kc3 Ke4 58. Nf7 Bc6 59. Ng5+ Kf5 60.
Nf7 Kf4 61. Nd8 Bd7 62. Nb7 e5 63. dxe5 Kxe5 64. Nxa5 d4+ 65. Kd2 Kf6 66. Nb3
Ke6 67. Nxd4+ Kd5 68. Kc3 Bc6 69. Nxc6 Kxc6 70. a4 Kb6 71. a5+ Kxa5 1/2-1/2

[Event "Tata Steel India Blitz"]
[Site "Kolkata IND"]
[Date "2026.01.10"]
[Round "1.3"]
[White "So, Wesley"]
[Black "Vidit, Santosh Gujrathi"]
[Result "0-1"]
[WhiteTitle "GM"]
[BlackTitle "GM"]
[WhiteElo "2753"]
[BlackElo "2708"]
[WhiteFideId "5202213"]
[BlackFideId "5029465"]
[EventDate "2026.01.10"]

1. e4 e5 2. Nf3 Nc6 3. Bc4 Bc5 4. d3 d6 5. c3 Nf6 6. Bg5 h6 7. Bh4 a6 8. Nbd2
Ba7 9. a4 g5 10. Bg3 O-O 11. h3 Kg7 12. Qe2 Qe8 13. Bb3 Ne7 14. d4 Ng6 15. Bh2
Bd7 16. O-O Qe7 17. Rfe1 Rae8 18. dxe5 dxe5 19. Nc4 Qc5 20. Rad1 Be6 21. Ncd2
Bxb3 22. Nxb3 Qc6 23. Na5 Qxa4 24. Ra1 Qb5 25. Qxb5 axb5 26. Nxb7 Bb6 27. Na5
Nf4 28. Bxf4 exf4 29. e5 Nd7 30. Nc6 Nc5 31. Rad1 Ra8 32. Nfd4 Ra2 33. Re2 Ne6
34. Nxb5 f3 35. gxf3 Nf4 36. Red2 Nxh3+ 37. Kg2 Nf4+ 38. Kf1 h5 39. Na3 Ra8 40.
Nb4 Rxb2 41. Rxb2 Rxa3 42. Nd5 Nxd5 43. Rxd5 Rxc3 44. Kg2 Kg6 45. Re2 Rc6 46.
Rd8 Re6 47. Rg8+ Kf5 48. Rf8 Kg6 49. Re4 Kg7 50. Rb8 h4 51. Rd8 Kg6 52. Rg8+ Kf5
53. Rg4 Kxe5 54. R8xg5+ Kd6 55. Rf5 Re2 56. Rxf7 Bxf2 57. Rg6+ Kd5 58. Kh3 Bg3
59. Rg4 Rh2# 0-1

[Event "Tata Steel India Blitz"]
[Site "Kolkata IND"]
[Date "2026.01.10"]
[Round "1.4"]
[White "Niemann, Hans Moke"]
[Black "Praggnanandhaa, R"]
[Result "1-0"]
[WhiteTitle "GM"]
[BlackTitle "GM"]
[WhiteElo "2725"]
[BlackElo "2758"]
[WhiteFideId "2093596"]
[BlackFideId "25059530"]
[EventDate "2026.01.10"]

1. e4 e5 2. Nf3 Nc6 3. Bb5 a6 4. Ba4 Nge7 5. c3 Ng6 6. d4 exd4 7. Nxd4 Bc5 8.
Be3 Nce5 9. Qe2 b5 10. Bb3 a5 11. f4 Nc4 12. Bxc4 bxc4 13. Nd2 O-O 14. O-O d5
15. e5 Bb6 16. Nc6 Qd7 17. Bxb6 Qxc6 18. Bd4 Bf5 19. Rf2 Rab8 20. b3 Bd3 21. Qe3
Ne7 22. g4 Rfe8 23. f5 f6 24. e6 Qd6 25. Re1 Nc6 26. g5 Nxd4 27. cxd4 Qe7 28. h4
a4 29. bxc4 dxc4 30. Ne4 Bxe4 31. Qxe4 fxg5 32. f6 gxf6 33. hxg5 Qg7 34. e7 Rb5
35. d5 Rb6 36. Qxc4 Rd6 37. Rf5 Rxe7 38. Rxe7 Qxe7 39. gxf6 Qe1+ 40. Kg2 Qd2+
41. Kh3 Qh6+ 42. Kg4 Kf8 43. Qxc7 Qg6+ 44. Kf4 Rxf6 45. Qd8+ Kg7 46. Qe7+ Qf7
47. Qe5 Kg6 48. Rxf6+ Qxf6+ 49. Ke4 Qxe5+ 50. Kxe5 Kf7 51. Kd6 h5 52. Kc7 h4 53.
d6 h3 54. d7 h2 55. d8=Q h1=Q 56. Qd7+ Kf6 57. Qxa4 Qh2+ 58. Kb7 Ke7 59. Qe4+
Kf6 60. Qd4+ Kg5 61. a4 Qh7+ 62. Kb6 Qb1+ 63. Kc5 Qc2+ 64. Qc4 Qd2 65. Qd5+ 1-0

[Event "Tata Steel India Blitz"]
[Site "Kolkata IND"]
[Date "2026.01.10"]
[Round "1.5"]
[White "Nihal, Sarin"]
[Black "Aravindh, Chithambaram VR."]
[Result "1/2-1/2"]
[WhiteTitle "GM"]
[BlackTitle "GM"]
[WhiteElo "2716"]
[BlackElo "2700"]
[WhiteFideId "25092340"]
[BlackFideId "5072786"]
[EventDate "2026.01.10"]

1. d4 Nf6 2. Nf3 d5 3. a3 Bf5 4. c4 c6 5. Nc3 e6 6. Bf4 Nbd7 7. e3 Be7 8. h3 h6
9. Be2 O-O 10. O-O Ne4 11. Rc1 Qb6 12. b4 Nxc3 13. Rxc3 dxc4 14. Nd2 Qd8 15.
Nxc4 Nb6 16. Be5 Nxc4 17. Bxc4 Bd6 18. Bxd6 Qxd6 19. Qf3 Rac8 20. Rfc1 Bg6 21.
Ba2 a6 22. Rc5 Rce8 23. h4 Re7 24. g4 f6 25. h5 Bf7 26. Bb1 Kh8 27. a4 e5 28.
dxe5 Rxe5 29. Rd1 Qe7 30. Rxe5 fxe5 31. Qf5 Bg8 32. Qe4 Qf6 33. Rd2 b6 34. a5
bxa5 35. bxa5 c5 36. Bd3 Qe6 37. Rc2 Qd6 38. Rc1 Rd8 39. Bc4 Bh7 40. Qf3 Qd2 41.
Rf1 Qb4 42. Bxa6 Qxa5 43. Bc4 Qc7 44. Rd1 Rxd1+ 45. Qxd1 Bg8 46. Bxg8 Kxg8 47.
Qd5+ Kf8 48. Qa8+ Kf7 49. Qd5+ Ke7 50. Qg8 Kd6 51. Qc4 Qb7 52. Kh2 Qf3 53. Kg1
Qd5 54. Qa6+ Qc6 55. Qc4 Qd5 56. Qa6+ Ke7 57. Qg6 Kf8 58. Qf5+ Kg8 59. Qc8+ Kh7
60. Qf5+ Kg8 61. Qc8+ Kh7 62. Qf5+ 1/2-1/2

[Event "Tata Steel India Blitz"]
[Site "Kolkata IND"]
[Date "2026.01.10"]
[Round "2.1"]
[White "Aravindh, Chithambaram VR."]
[Black "Praggnanandhaa, R"]
[Result "1-0"]
[WhiteTitle "GM"]
[BlackTitle "GM"]
[WhiteElo "2700"]
[BlackElo "2758"]
[WhiteFideId "5072786"]
[BlackFideId "25059530"]
[EventDate "2026.01.10"]

1. e4 e5 2. Nf3 Nc6 3. Bc4 Bc5 4. c3 Nf6 5. d3 a6 6. a4 d6 7. O-O Ba7 8. Re1 O-O
9. h3 h6 10. Nbd2 Ne7 11. Bb3 Ng6 12. d4 b5 13. Nf1 Bb7 14. Ng3 c5 15. Bc2 cxd4
16. cxd4 exd4 17. Nxd4 d5 18. e5 Ne4 19. Ngf5 Re8 20. f4 b4 21. Be3 Bc5 22. Qh5
Bf8 23. Rad1 Qc7 24. Bb3 Rac8 25. Qg4 Kh8 26. Rc1 Qd8 27. h4 Rxc1 28. Rxc1 Bc8
29. Rxc8 Qxc8 30. Bxd5 Nxe5 31. fxe5 Rxe5 32. Bxe4 Qe8 33. Bc6 Qd8 34. Bf3 Qf6
35. Bf2 Bc5 36. Ng3 Qe7 37. Ndf5 Qf8 38. Bxc5 Rxc5 39. Kh2 g6 40. Qd4+ Kh7 41.
Nd6 Rc1 42. Nge4 Qe7 43. Nf6+ 1-0

[Event "Tata Steel India Blitz"]
[Site "Kolkata IND"]
[Date "2026.01.10"]
[Round "2.2"]
[White "Murzin, Volodar"]
[Black "So, Wesley"]
[Result "0-1"]
[WhiteTitle "GM"]
[BlackTitle "GM"]
[WhiteElo "2652"]
[BlackElo "2753"]
[WhiteFideId "44155573"]
[BlackFideId "5202213"]
[EventDate "2026.01.10"]

1. d4 Nf6 2. Nf3 d5 3. Bf4 c5 4. e3 Nc6 5. c3 e6 6. Nbd2 Nh5 7. Bg5 f6 8. Bh4 g6
9. Be2 cxd4 10. cxd4 Be7 11. O-O Ng7 12. Bg3 Nf5 13. Rc1 Bd7 14. a3 Rc8 15. Nb3
Kf7 16. Nc5 Bxc5 17. dxc5 h5 18. Nh4 Nce7 19. Bd3 e5 20. Bxf5 Bxf5 21. Qb3 Qd7
22. Rfd1 Be6 23. Nf3 g5 24. Bxe5 g4 25. Ng5+ fxg5 26. Bxh8 Rxh8 27. Qc3 Rf8 28.
b4 a6 29. e4 Kg6 30. a4 Qc7 31. exd5 Nxd5 32. Qd3+ Rf5 33. b5 axb5 34. axb5 Nf4
35. Qe4 Bd5 36. Qe8+ Qf7 37. Qxf7+ Rxf7 38. c6 bxc6 39. bxc6 Ne2+ 40. Kf1 Nxc1
41. Rxd5 Rc7 42. Rd6+ Kf5 43. Rd5+ Kf6 44. Rd6+ Ke5 45. Rh6 h4 46. Rg6 Kf5 47.
Rd6 Na2 48. Rd5+ Kf6 49. Rd4 Rxc6 50. Rxg4 Rc1+ 51. Ke2 Rc2+ 52. Ke3 Rc3+ 53.
Ke2 Kf5 54. Ra4 Rc2+ 55. Ke3 Nc1 56. Ra5+ Kf6 57. h3 Rc3+ 58. Ke4 Rc4+ 59. Ke3
Rc3+ 60. Ke4 Rc4+ 61. Ke3 Nb3 62. Rd5 Rc3+ 63. Ke2 Rc2+ 64. Ke3 Rc3+ 65. Ke2 Rc5
66. Rd8 Rc2+ 67. Ke3 Rc3+ 68. Ke2 Nc5 69. Rc8 Ne4 70. Re8 Nd6 71. Ra8 Nf7 72.
Ra2 Ne5 73. Rb2 Ra3 74. Rb4 Ra2+ 75. Ke3 Kf5 76. Rb5 Ra3+ 77. Ke2 Rc3 78. Ra5
Kf6 79. Ra6+ Rc6 80. Ra2 Re6 81. Kf1 Nd3 82. g3 Ne5 83. Kg2 Rc6 84. Rb2 Ng6 85.
Rd2 Re6 86. Rb2 Ne7 87. Kf3 Nf5 88. Kg2 Rd6 89. Ra2 Kg6 90. Rb2 Re6 91. Ra2 hxg3
92. fxg3 Rf6 93. Re2 Rd6 94. Ra2 Rd3 95. Ra6+ Kf7 96. Ra5 Kf6 97. Ra6+ Rd6 98.
Ra2 Kg6 99. Rb2 Re6 100. Ra2 Rf6 101. Re2 Kh6 102. Re4 Ra6 103. h4 g4 104. Rf4
Ra5 105. Kf2 Kh5 106. Re4 0-1

[Event "Tata Steel India Blitz"]
[Site "Kolkata IND"]
[Date "2026.01.10"]
[Round "2.3"]
[White "Wei, Yi"]
[Black "Erigaisi, Arjun"]
[Result "0-1"]
[WhiteTitle "GM"]
[BlackTitle "GM"]
[WhiteElo "2754"]
[BlackElo "2775"]
[WhiteFideId "8603405"]
[BlackFideId "35009192"]
[EventDate "2026.01.10"]

1. e4 c5 2. Nf3 e6 3. d4 cxd4 4. Nxd4 Nf6 5. Nc3 Nc6 6. Ndb5 d6 7. Bf4 e5 8. Bg5
a6 9. Na3 b5 10. Bxf6 gxf6 11. Nd5 Bg7 12. c3 Ne7 13. Nxe7 Qxe7 14. Nc2 Bb7 15.
Bd3 f5 16. exf5 Qh4 17. Ne3 Bh6 18. Qg4 Qxg4 19. Nxg4 Bg5 20. h4 Bd8 21. Ne3 Bb6
22. Rg1 d5 23. O-O-O O-O-O 24. g3 f6 25. Rge1 Kb8 26. Kb1 b4 27. cxb4 e4 28. Bc2
Ba7 29. Bb3 d4 30. Ng4 Rhf8 31. Be6 h5 32. Nh6 d3 33. Rd2 Bb6 34. a3 a5 35. bxa5
Bxa5 36. b4 Bb6 37. g4 hxg4 38. Nxg4 Bd4 39. Rc1 Rh8 40. Ne3 Rxh4 41. Nd1 Rh2
42. Ra2 Be5 43. Ne3 d2 44. Rd1 Rxf2 45. Ng4 e3 46. Nxe3 Be4+ 47. Rc2 Re2 48. Ng4
Re1 49. Nf2 Bd4 0-1

[Event "Tata Steel India Blitz"]
[Site "Kolkata IND"]
[Date "2026.01.10"]
[Round "2.4"]
[White "Nihal, Sarin"]
[Black "Anand, Viswanathan"]
[Result "1-0"]
[WhiteTitle "GM"]
[BlackTitle "GM"]
[WhiteElo "2716"]
[BlackElo "2743"]
[WhiteFideId "25092340"]
[BlackFideId "5000017"]
[EventDate "2026.01.10"]

1. e4 e5 2. Nc3 Nf6 3. Bc4 Bc5 4. d3 c6 5. Nf3 d6 6. h3 b5 7. Bb3 a5 8. a4 b4 9.
Ne2 Nbd7 10. Ng3 O-O 11. O-O Bb6 12. c3 bxc3 13. bxc3 d5 14. Re1 Re8 15. Bg5 Qc7
16. d4 exd4 17. e5 Ne4 18. Nxe4 dxe4 19. Bf4 Qa7 20. Ng5 Nxe5 21. Rxe4 1-0

[Event "Tata Steel India Blitz"]
[Site "Kolkata IND"]
[Date "2026.01.10"]
[Round "2.5"]
[White "Vidit, Santosh Gujrathi"]
[Black "Niemann, Hans Moke"]
[Result "1/2-1/2"]
[WhiteTitle "GM"]
[BlackTitle "GM"]
[WhiteElo "2708"]
[BlackElo "2725"]
[WhiteFideId "5029465"]
[BlackFideId "2093596"]
[EventDate "2026.01.10"]

1. e4 e5 2. Nf3 Nc6 3. Bc4 Nf6 4. d3 Be7 5. Nc3 d6 6. a3 O-O 7. h3 Be6 8. Nd5 a5
9. Be3 Re8 10. O-O h6 11. Re1 Bf8 12. c3 Bxd5 13. exd5 Ne7 14. Bb5 c6 15. dxc6
bxc6 16. Ba4 Qc7 17. Nd2 Ned5 18. Qf3 Nxe3 19. Rxe3 d5 20. Rae1 Bd6 21. Qe2 Re7
22. Qd1 Rae8 23. b4 d4 24. cxd4 Nd5 25. Rf3 exd4 26. Rxe7 Rxe7 27. Ne4 axb4 28.
axb4 Bxb4 29. Qb3 g6 30. g3 Kg7 31. Kg2 f5 32. Qc4 fxe4 33. dxe4 Rxe4 34. Bxc6
Nf6 35. Rb3 d3 36. Qb5 Re5 37. Qa6 d2 38. Bf3 Qc5 39. Qb7+ Re7 40. Qxb4 Qxb4 41.
Rxb4 Rd7 42. Bd1 Rd3 43. Kf1 Nd5 44. Rb7+ Kf6 45. Ke2 Rd4 46. Rb3 g5 47. Rd3
Rxd3 48. Kxd3 Ke5 49. Kxd2 Nf6 50. Ke3 Nd5+ 51. Kf3 Nf6 52. Bc2 Kd4 53. Bf5 Ke5
54. Bb1 Kd4 55. Ke2 Nd5 56. Bc2 Ke5 57. Bb3 Ne7 58. Kd3 Nf5 59. Bd1 Ne7 60. Bf3
Nf5 61. Be4 Nd6 62. Bh7 Nc8 63. Ke3 Ne7 64. Kf3 Nd5 65. Bd3 Nf6 66. Bc2 Kd4 67.
Ba4 Ke5 68. Bb5 Kd4 69. Ba6 Ke5 70. Bb7 Kd4 71. Ke2 Ne8 72. Bg2 Nf6 73. f4 gxf4
74. gxf4 Kc5 75. Kf3 Kd6 76. Kg3 Ke6 77. Bf3 Kf5 78. Bg4+ Kg6 79. Kf3 Kg7 80.
Be6 Nh5 81. Kg4 Nxf4 82. Kxf4 h5 83. h4 Kh8 84. Kg5 Kg7 85. Kxh5 Kh8 86. Kh6 1/2-1/2

[Event "Tata Steel India Blitz"]
[Site "Kolkata IND"]
[Date "2026.01.10"]
[Round "3.1"]
[White "Niemann, Hans Moke"]
[Black "Murzin, Volodar"]
[Result "0-1"]
[WhiteTitle "GM"]
[BlackTitle "GM"]
[WhiteElo "2725"]
[BlackElo "2652"]
[WhiteFideId "2093596"]
[BlackFideId "44155573"]
[EventDate "2026.01.10"]

1. e4 c6 2. d4 d5 3. e5 Bf5 4. Nd2 e6 5. Nb3 h6 6. Nf3 Ne7 7. Be2 Nd7 8. O-O Nc8
9. a4 Be7 10. a5 a6 11. Be3 O-O 12. c3 Na7 13. Re1 Nb5 14. h3 Qc7 15. Ra4 Rae8
16. c4 dxc4 17. Rxc4 Qd8 18. Bd3 Bxd3 19. Qxd3 Nc7 20. Qe4 Nd5 21. Bd2 Kh8 22.
Nc1 c5 23. Nd3 cxd4 24. Nxd4 Qb8 25. Qg4 Rc8 26. Rxc8 Qxc8 27. Rc1 Qd8 28. Qh5
Kh7 29. Rc4 Bg5 30. f4 g6 31. Qf3 Be7 32. b4 Nb8 33. Qe4 Qd7 34. g4 Nc6 35. Nxc6
bxc6 36. Be1 Rb8 37. Bf2 Rb5 38. Nc5 Qc8 39. Kh2 Kg8 40. h4 Bxc5 41. Bxc5 Qd8
42. Kg3 g5 43. fxg5 hxg5 44. h5 Rb7 45. Bd6 Qd7 46. Qd4 Rb5 47. Qd2 Nf4 48. Rxf4
gxf4+ 49. Qxf4 Qd8 50. h6 Rd5 51. g5 Rd3+ 52. Kh4 Rd1 53. Qf3 Rg1 54. h7+ Kh8
55. Qf4 Rh1+ 56. Kg3 Rxh7 57. Kg4 Kg8 58. Qe4 Rg7 59. Qf4 Rg6 60. Qe3 Kg7 61.
Qf4 Qd7 62. Qe3 Qb7 63. Qf4 Qb5 64. Be7 Qe2+ 65. Kh4 Kg8 66. Bf6 Kh7 67. Qd4 Rg8
68. Qf4 Kg6 69. Kg3 c5 0-1

[Event "Tata Steel India Blitz"]
[Site "Kolkata IND"]
[Date "2026.01.10"]
[Round "3.2"]
[White "Praggnanandhaa, R"]
[Black "Vidit, Santosh Gujrathi"]
[Result "1-0"]
[WhiteTitle "GM"]
[BlackTitle "GM"]
[WhiteElo "2758"]
[BlackElo "2708"]
[WhiteFideId "25059530"]
[BlackFideId "5029465"]
[EventDate "2026.01.10"]

1. e4 e5 2. Nf3 Nc6 3. g3 Nf6 4. d3 Bc5 5. Bg2 d6 6. O-O O-O 7. h3 a5 8. Kh2 h6
9. c4 Bd7 10. Nc3 Re8 11. Nd2 Nd4 12. Nb3 Nxb3 13. axb3 c6 14. f4 b5 15. f5 Qb6
16. Qf3 Kf8 17. g4 Ke7 18. Ra2 a4 19. cxb5 axb3 20. Rxa8 Rxa8 21. h4 Rh8 22. Bh3
Kd8 23. Bd2 Kc7 24. Ra1 Kb8 25. Qd1 h5 26. Na4 Qxb5 27. Nxc5 dxc5 28. gxh5 Qxd3
29. Bc3 Qxd1 30. Bxe5+ Kc8 31. Rxd1 Rxh5 32. Bxf6 gxf6 33. Kg3 Rh8 34. Rd3 c4
35. Rc3 Kc7 36. Rxc4 Rb8 37. Rc3 Kd6 38. Kf4 c5 39. Bf1 Rh8 40. Rd3+ Ke7 41.
Rxb3 Rxh4+ 42. Ke3 Bc6 43. Bg2 Kd6 44. Rb6 Kc7 45. Ra6 Rg4 46. Bf3 Rg1 47. Ra7+
Kb6 48. Rxf7 c4 49. Rxf6 Kc5 50. Rh6 Re1+ 51. Kf4 Rb1 52. Rh2 Rf1 53. Rd2 Be8
54. Ke3 Re1+ 55. Kf2 Rb1 56. e5 1-0

[Event "Tata Steel India Blitz"]
[Site "Kolkata IND"]
[Date "2026.01.10"]
[Round "3.3"]
[White "Anand, Viswanathan"]
[Black "Aravindh, Chithambaram VR."]
[Result "1-0"]
[WhiteTitle "GM"]
[BlackTitle "GM"]
[WhiteElo "2743"]
[BlackElo "2700"]
[WhiteFideId "5000017"]
[BlackFideId "5072786"]
[EventDate "2026.01.10"]

1. e4 c5 2. Nf3 d6 3. d4 cxd4 4. Nxd4 Nf6 5. Nc3 Nc6 6. Bg5 a6 7. Qd2 e6 8. Nxc6
bxc6 9. O-O-O Be7 10. Bxf6 gxf6 11. Bc4 Bb7 12. Rhe1 Qa5 13. Kb1 O-O-O 14. Bb3
Kb8 15. f4 d5 16. Qf2 Bb4 17. f5 e5 18. Re2 Rd7 19. Na4 Rhd8 20. a3 Bf8 21. Qb6
Qb5 22. c4 dxc4 23. Qxd8+ Rxd8 24. Rxd8+ Ka7 25. Rxf8 cxb3 26. Nc3 Qc5 27. Rd8
a5 28. Red2 Qg1+ 29. Rd1 Qxg2 30. R8d7 Qxh2 31. Rxf7 Kb6 32. Rxf6 Ba6 33. Nd5+
Kc5 34. Rc1+ Kd4 35. Nc3 Bd3+ 36. Ka1 Bc2 37. Rxc6 Qf2 38. f6 h5 39. Rd6+ Kc5
40. Re6 Kd4 41. Rd6+ Kc5 42. Re6 Qf4 43. Rh1 h4 44. f7 Qxf7 45. Rxe5+ Kd4 46.
Rf5 Qg6 47. Rf4 h3 48. Rh4 Qg2 49. R4xh3 Qg7 50. Re1 Qe5 51. Rf3 Kc4 52. Rf5 Qg3
53. Rff1 Qe5 54. Rc1 Kc5 55. Rf5 1-0

[Event "Tata Steel India Blitz"]
[Site "Kolkata IND"]
[Date "2026.01.10"]
[Round "3.4"]
[White "So, Wesley"]
[Black "Wei, Yi"]
[Result "1/2-1/2"]
[WhiteTitle "GM"]
[BlackTitle "GM"]
[WhiteElo "2753"]
[BlackElo "2754"]
[WhiteFideId "5202213"]
[BlackFideId "8603405"]
[EventDate "2026.01.10"]

1. d4 Nf6 2. c4 e6 3. Nc3 Bb4 4. e3 O-O 5. Bd3 d5 6. cxd5 exd5 7. Ne2 Nc6 8. O-O
Ne7 9. Qc2 c6 10. f3 c5 11. a3 Bxc3 12. Qxc3 cxd4 13. Nxd4 Ng6 14. b3 Re8 15.
Qd2 Qe7 16. Re1 Ne5 17. Bf1 h5 18. Qf2 a5 19. a4 Nc6 20. Ba3 Nb4 21. Rac1 Be6
22. Qd2 h4 23. Nc2 h3 24. g4 Nd7 25. Bxh3 Ne5 26. Bg2 Qf6 27. Bxb4 axb4 28. Nd4
Qe7 29. h3 Rac8 30. f4 Nc6 31. Nb5 Na5 32. Qd3 Rxc1 33. Rxc1 Bd7 34. Bxd5 Bc6
35. Bxc6 bxc6 36. Nd4 Qxe3+ 37. Qxe3 Rxe3 38. Nxc6 Nxc6 39. Rxc6 Rxh3 40. Rb6
Rxb3 41. Kf2 Rb1 42. a5 b3 43. a6 Ra1 44. g5 g6 1/2-1/2

[Event "Tata Steel India Blitz"]
[Site "Kolkata IND"]
[Date "2026.01.10"]
[Round "3.5"]
[White "Erigaisi, Arjun"]
[Black "Nihal, Sarin"]
[Result "1-0"]
[WhiteTitle "GM"]
[BlackTitle "GM"]
[WhiteElo "2775"]
[BlackElo "2716"]
[WhiteFideId "35009192"]
[BlackFideId "25092340"]
[EventDate "2026.01.10"]

1. d4 d5 2. c4 e6 3. Nc3 Nf6 4. Nf3 h6 5. e3 a6 6. b3 c5 7. Bb2 Nc6 8. cxd5 exd5
9. Be2 cxd4 10. Nxd4 Bd6 11. O-O O-O 12. Rc1 Re8 13. Na4 Ne5 14. h3 Ng6 15. Nf3
Be6 16. Qd4 Qe7 17. Nc5 Rad8 18. Nxe6 fxe6 19. Qd3 Qf7 20. Nd4 Nh4 21. g3 e5 22.
Nf5 Nxf5 23. Qxf5 Qe7 24. Bf3 Rf8 25. Bg2 Kh8 26. Qd3 Ba3 27. Qe2 Bxb2 28. Qxb2
Rd7 29. Rfd1 Rfd8 30. Rd2 d4 31. exd4 exd4 32. Rcd1 Qb4 33. a3 Qc3 34. b4 b5 35.
Qxc3 dxc3 36. Rxd7 Rxd7 37. Rc1 Rc7 38. Kf1 c2 39. Ke2 Rc3 40. Bb7 Rxa3 41. Rxc2
Rb3 42. Bxa6 Rxb4 43. Rc8+ Kh7 44. Rb8 Nd5 45. Kd3 Rb2 46. Kd4 Nc7 47. Bb7 Ne6+
48. Ke5 Nc5 49. Bc6 Rxf2 50. Rxb5 Nd3+ 51. Kd4 Ne1 52. Be4+ Kg8 53. Ke3 Rh2 54.
Bg6 Nc2+ 55. Kd3 Ne1+ 56. Kc3 Rf2 57. Re5 Ng2 58. h4 Rf6 59. h5 Rf8 60. Re2 Nf4
61. gxf4 Rxf4 62. Re8+ Rf8 63. Re7 Rd8 64. Kc4 Kh8 65. Kc5 Kg8 66. Kc6 Kh8 67.
Kc7 Ra8 68. Kd6 Rd8+ 69. Ke6 Rf8 70. Re8 Rxe8+ 71. Bxe8 Kg8 72. Bg6 Kf8 73. Kd7
Kg8 74. Ke7 Kh8 75. Bf7 g5 76. hxg6 Kg7 77. Ke6 h5 78. Kf5 1-0

[Event "Tata Steel India Blitz"]
[Site "Kolkata IND"]
[Date "2026.01.10"]
[Round "4.1"]
[White "Anand, Viswanathan"]
[Black "Erigaisi, Arjun"]
[Result "0-1"]
[WhiteTitle "GM"]
[BlackTitle "GM"]
[WhiteElo "2743"]
[BlackElo "2775"]
[WhiteFideId "5000017"]
[BlackFideId "35009192"]
[EventDate "2026.01.10"]

1. e4 e5 2. Nf3 Nc6 3. Bb5 Qf6 4. Nc3 Nge7 5. d3 a6 6. Ba4 d6 7. Bg5 Qg6 8. O-O
Bg4 9. Bxe7 Bxe7 10. Nd5 Bd8 11. Ne3 Bd7 12. c4 O-O 13. Kh1 Kh8 14. a3 Qh6 15.
Rc1 g6 16. c5 f5 17. Qb3 Ra7 18. Qd1 f4 19. Nc4 g5 20. Bxc6 Bxc6 21. Ng1 Qe6 22.
cxd6 cxd6 23. f3 b5 24. Na5 Bxe4 25. dxe4 Bxa5 26. Rc6 Bc7 27. Ne2 g4 28. Nc3
Bb8 29. Nd5 Rg8 30. Qe2 Qe8 31. Rfc1 gxf3 32. gxf3 Rag7 33. Rxa6 Qc8 0-1

[Event "Tata Steel India Blitz"]
[Site "Kolkata IND"]
[Date "2026.01.10"]
[Round "4.2"]
[White "Nihal, Sarin"]
[Black "So, Wesley"]
[Result "0-1"]
[WhiteTitle "GM"]
[BlackTitle "GM"]
[WhiteElo "2716"]
[BlackElo "2753"]
[WhiteFideId "25092340"]
[BlackFideId "5202213"]
[EventDate "2026.01.10"]

1. e4 c5 2. Nf3 d6 3. Nc3 Nf6 4. Bb5+ Bd7 5. Qe2 g6 6. e5 dxe5 7. Qxe5 Bxb5 8.
Nxb5 Na6 9. O-O Bg7 10. Re1 O-O 11. Qxe7 Qb6 12. Qe2 Nb4 13. Na3 Rae8 14. Qf1
Rxe1 15. Nxe1 Qe6 16. d3 Nxa2 17. Be3 Ng4 18. Bxc5 Bxb2 19. Rb1 Qe5 20. Nf3 Qxc5
21. Rxb2 Nc3 22. Nb1 b6 23. d4 Qc7 24. h3 Nf6 25. Nxc3 Qxc3 26. Ra2 Rc8 27. Qb5
Rc7 28. Qe5 Nd7 29. Qd6 Kg7 30. Ra3 Qxc2 31. Re3 Qc6 32. Qf4 Nf6 33. Qe5 Rd7 34.
Nh4 Qc1+ 35. Re1 Qc6 36. Re3 Rd5 37. Qe7 Rxd4 38. Nf5+ gxf5 39. Rg3+ Ng4 40.
hxg4 Rd1+ 41. Kh2 Qh6+ 42. Rh3 Qf4+ 43. Rg3 Qh6+ 44. Rh3 Qd6+ 45. Qxd6 Rxd6 46.
gxf5 b5 47. Ra3 a6 48. g4 b4 49. Rb3 a5 50. g5 h6 51. f4 Rb6 52. Kg3 a4 0-1

[Event "Tata Steel India Blitz"]
[Site "Kolkata IND"]
[Date "2026.01.10"]
[Round "4.3"]
[White "Wei, Yi"]
[Black "Niemann, Hans Moke"]
[Result "1/2-1/2"]
[WhiteTitle "GM"]
[BlackTitle "GM"]
[WhiteElo "2754"]
[BlackElo "2725"]
[WhiteFideId "8603405"]
[BlackFideId "2093596"]
[EventDate "2026.01.10"]

1. d4 d5 2. c4 c6 3. e3 Nf6 4. Nc3 e6 5. Nf3 Nbd7 6. Qc2 b6 7. b3 Bb7 8. Bb2 Rc8
9. Bd3 c5 10. O-O cxd4 11. Nxd4 Bd6 12. Qe2 dxc4 13. Bxc4 O-O 14. Rfd1 Qe7 15.
h3 Nc5 16. Rac1 Rfd8 17. Nf3 h6 18. a4 a5 19. Nb5 Bb8 20. Nc3 Rxd1+ 21. Rxd1 Rd8
22. Ba3 Nfe4 23. Nxe4 Bxe4 24. Rd4 Bb7 25. Qd1 Rd6 26. Bb2 Be4 27. Rxd6 Qxd6 28.
Qd4 f6 29. Ba3 Bxf3 30. gxf3 Kf7 31. Qxd6 Bxd6 32. Bxc5 1/2-1/2